000 00602nam a2200193 i 4500
001 51105
003 ES-MaACL
005 20230906162311.0
007 t|
008 030811q1985 sp |||| | spa d
100 1 _aCustodio, Alvaro.
_942279
245 1 0 _aVersión escénica de La Regenta de Leopoldo Alas, Clarín /
_cAlvaro Custodio.
260 _aOviedo :
_bAyuntamiento de Oviedo,
_c[1985?]
300 _a73 p. ;
_c22 cm.
700 1 _aAlas, Leopoldo,
_d1852-1901.
_tLa Regenta
_919159
710 1 _aOviedo.
_bAyuntamiento.
_96084
852 _aES-MaACL
_jL-10071
999 _c51105
_d51105